Introduction to manufacturing processes / (Record no. 185005)
[ view plain ]
| 000 -LEADER | |
|---|---|
| fixed length control field | 01209 a2200229 4500 |
| 003 - CONTROL NUMBER IDENTIFIER | |
| control field | Nust |
| 005 - DATE AND TIME OF LATEST TRANSACTION | |
| control field | 20230119125828.0 |
| 010 ## - LIBRARY OF CONGRESS CONTROL NUMBER | |
| LC control number | 86010500 |
| 020 ## - INTERNATIONAL STANDARD BOOK NUMBER | |
| International Standard Book Number | 0070552797 : |
| 040 ## - CATALOGING SOURCE | |
| Transcribing agency | Nust |
| 082 00 - DEWEY DECIMAL CLASSIFICATION NUMBER | |
| Classification number | 670,SCH |
| 100 1# - MAIN ENTRY--PERSONAL NAME | |
| Personal name | Schey, John A. |
| 245 10 - TITLE STATEMENT | |
| Title | Introduction to manufacturing processes / |
| Statement of responsibility, etc. | John A. Schey. |
| 250 ## - EDITION STATEMENT | |
| Edition statement | 2nd ed. |
| 260 ## - PUBLICATION, DISTRIBUTION, ETC. | |
| Place of publication, distribution, etc. | New York : |
| Name of publisher, distributor, etc. | McGraw-Hill, |
| Date of publication, distribution, etc. | c1987. |
| 300 ## - PHYSICAL DESCRIPTION | |
| Extent | xxi, 714 p. : |
| Other physical details | ill. ; |
| Dimensions | 24 cm. |
| 505 ## - FORMATTED CONTENTS NOTE | |
| Formatted contents note | Introduction to Manufacturing (Page-1), Attributes of Manufactured Products (Page-35), Metal Casting (Page-99), Bulk Deformation Processes (Page-183), Sheet-Metalworking Processes (Page-280), Processing of Particulate Metals and Ceramics and of Glasses (Page-330), Processing of Polymers (Page-380), Machining (Page-441), Joining Processes (Page-538), Manufacture of Semiconductor Devices (Page-584), Manufacturing Systems (Page-623), Competitive Aspects of Manufacturing Processes (Page-656). |
| 650 #0 - SUBJECT ADDED ENTRY--TOPICAL TERM | |
| Topical term or geographic name entry element | Manufacturing processes. |
| 856 42 - ELECTRONIC LOCATION AND ACCESS | |
| Materials specified | Publisher description |
| Uniform Resource Identifier | <a href="http://www.loc.gov/catdir/enhancements/fy0602/86010500-d.html">http://www.loc.gov/catdir/enhancements/fy0602/86010500-d.html</a> |
| 856 42 - ELECTRONIC LOCATION AND ACCESS | |
| Materials specified | Table of contents only |
| Uniform Resource Identifier | <a href="http://www.loc.gov/catdir/enhancements/fy0602/86010500-t.html">http://www.loc.gov/catdir/enhancements/fy0602/86010500-t.html</a> |
| 942 ## - ADDED ENTRY ELEMENTS (KOHA) | |
| Source of classification or shelving scheme | |
| Koha item type | Book |
| Withdrawn status | Lost status | Source of classification or shelving scheme | Damaged status | Not for loan | Permanent Location | Current Location | Shelving location | Date acquired | Full call number | Barcode | Date last seen | Price effective from | Koha item type | Public note |
|---|---|---|---|---|---|---|---|---|---|---|---|---|---|---|
| Military College of Signals (MCS) | Military College of Signals (MCS) | General Stacks | 12/12/2016 | 670,SCH | MCS20695 | 12/08/2016 | 12/12/2016 | Book | Almirah No.55, Shelf No.4 |
